00661nam a2200241 a 4500001001300000003000900013005001700022008004100039020001000080082001600090100001700106245003300123260004200156300000900198500003500207505001000242650002400252700001700276902000800293942000700301952009600308999001500404nice12345678IN_TiNIC20260116011559.0050524s1943 oxfa grs 000 0 mrg  ac10000a491.42bLAM aLambert, H M aMarathi Language Course Book aOxfordbOxford University Pressc1943 a301p aincludes index and biblioraphy2 aIndex aMarathi Course Book1 aLambert, H M bSRS cPS 00104070aHMIbHMId2007-07-31g100.00l0o491.42 LAMp1444r2007-07-31w2026-01-16yARB c2728d2728